Carta Apostólica Mulieris dignitatem del Sumo Pontífice Juan Pablo II : sobre la dignidad y la vocación de la mujer, con ocasión del Año Mariano /
Enregistré dans:
| Collectivité auteur: | |
|---|---|
| Format: | Livre |
| Langue: | espagnol |
| Publié: |
México :
Librería Parroquial de Clavería,
1988, c1988
|
| Tags: |
Pas de tags, Soyez le premier à ajouter un tag!
|
MARC
| LEADER | 00000nam^a2200000^a^4500 | ||
|---|---|---|---|
| 001 | 000572139 | ||
| 005 | 20250521000000.0 | ||
| 009 | 20260310132303.381 | ||
| 037 | |a Acervo ITESO - Biblioteca | ||
| 041 | |a ESP | ||
| 091 | |a FGM. 04546 | ||
| 110 | |a Iglesia Católica. |b Papa (1978-2005 : Juan Pablo II) | ||
| 245 | 1 | 0 | |a Carta Apostólica Mulieris dignitatem del Sumo Pontífice Juan Pablo II : |b sobre la dignidad y la vocación de la mujer, con ocasión del Año Mariano / |
| 264 | 4 | |a México : |b Librería Parroquial de Clavería, |c 1988, c1988 | |
| 300 | |a 121 p. | ||
| 336 | |a texto |b txt |2 rdacontenido | ||
| 337 | |a sin mediación |b n |2 rdamedio | ||
| 338 | |a volumen |b nc |2 rdasoporte | ||
| 649 | |a XX | ||
| 910 | |a Fondo Efraín González Morfín | ||
| 920 | |a Impresos - Libros | ||
| 930 | |a Fondos Especiales | ||
| 905 | |a 130 | ||
| 901 | |a 0500392228 |b IT2 |c ESL |i D94642 |u 20250521 | ||
| 902 | |a https://opac.biblio.iteso.mx/vufind/Record/000572139 | ||